Ohio Universities - Map Quiz - Statistics

General Stats
  • This quiz has been taken 139 times
  • The average score is 8 of 11
Answers on the Map
Answers color-coded by a green-red scale on the quiz's map according to % correct below.
 
Answer Stats
Answer % Correct
Cleveland State University
93%
Ohio State University
88%
University of Toledo
86%
Ohio University
79%
University of Dayton
79%
Youngstown State University
78%
Xavier University
77%
Kent State University
75%
Miami University
74%
University of Findlay
65%
Kenyon College
52%
No matching quizzes found
Score Distribution
Percent of People with Each Score
Percentile by Number Answered
Your Score History
You have not taken this quiz